[Event "World Senior Teams +65"]
[Site "Radebeul GER"]
[Date "2016.07.01"]
[Round "6.7"]
[Board "3"]
[White "Gundersen, Helge"]
[Black "Mueller-Clostermann, Bruno"]
[Result "1-0"]
[WhiteElo "2144"]
[BlackElo "2184"]
[WhiteTeam "Norway 1"]
[BlackTeam "Sportfreunde Katernberg"]
[WhiteFideId "1500465"]
[BlackFideId "12932280"]
[EventDate "2016.06.26"]

1. e4 Nf6 2. Nc3 e5 3. g3 d5 4. exd5 Nxd5 5. Bg2 Nxc3 6. bxc3 Nc6 7. Nf3 Bc5 8.
O-O O-O 9. Qe2 Re8 10. d3 Bg4 11. h3 Bh5 12. Qe4 Bg6 13. Qc4 Bb6 14. Nh4 Bh5 15.
Nf3 Kh8 16. Ng5 Qf6 17. Bd5 Nd8 18. a4 c6 19. Bg2 Ne6 20. Ne4 Qd8 21. Ba3 Bc7
22. Rab1 Rb8 23. Rb3 f5 24. Nc5 Nxc5 25. Qxc5 Bf7 26. Rb2 Bb6 27. Qd6 Qg5 28. h4
Qd2 29. c4 Rbd8 30. Qb4 Qxb4 31. Bxb4 e4 32. c5 Bc7 33. Bc3 b6 34. dxe4 fxe4 35.
Re1 Bd5 36. Bd4 Rb8 37. Reb1 bxc5 38. Bxc5 Rxb2 39. Rxb2 Rb8 40. Rxb8+ Bxb8 41.
Kf1 Kg8 42. Ke2 Kf7 43. Ke3 h5 44. Bxe4 Bxe4 45. Kxe4 Ke6 46. Be3 a6 47. Kd4 Bd6
48. Ke4 g6 49. Bf4 Bc5 50. f3 Bf2 51. c4 Be1 52. Ke3 Kf5 53. Ke2 Bb4 54. Be3 Be7
55. Kd3 Bd6 56. Bf2 Bc7 57. Kc3 Ba5+ 58. Kd3 Bc7 59. Ke2 Bd6 60. Be1 Kf6 61.
Bc3+ Kf5 62. Kf2 Be7 63. Bd4 Ke6 64. Kg2 Bf8 65. g4 Be7 66. Kg3 Bb4 67. Kf4 Be7
68. Bf2 Kf6 69. Ke4 Ke6 70. Bg3 Bf6 71. gxh5 gxh5 72. f4 Bd8 73. f5+ Kf7 74. Be1
Kf6 75. Bd2 Bb6 76. Bg5+ Kf7 77. Be3 Bd8 78. Bf2 Bf6 79. Be1 Ke7 80. Bg3 Kf7 81.
Kd3 Ke7 82. c5 Kf7 83. Kc4 Be7 84. Kd4 Kf6 85. Bd6 Bd8 86. Ke4 Kf7 87. Bg3 Be7
88. Bf2 Kf6 89. Kf4 Bd8 90. Bd4+ Kf7 91. f6 Kg6 92. Be5 Ba5 93. f7 Bd2+ 94. Ke4
Kxf7 95. Kf5 Be3 96. Bd6 Bd2 97. Bg3 Be3 98. Bd6 Bd2 99. Bf4 Bxf4 100. Kxf4 Ke6
101. Kg5 Kd5 102. Kxh5 Kxc5 103. Kg4 Kd5 104. Kf4 c5 105. Ke3 Ke5 106. Kd3 Kf4
107. Kc4 Kg4 108. Kxc5 Kxh4 109. Kb6 Kg5 110. Kxa6 Kf5 111. Kb7 1-0

[Event "World Senior Teams +65"]
[Site "Radebeul GER"]
[Date "2016.07.01"]
[Round "6.7"]
[Board "4"]
[White "Armbruester, Juergen"]
[Black "Sollid, Stein"]
[Result "1/2-1/2"]
[WhiteElo "1964"]
[BlackElo "2014"]
[WhiteTeam "Sportfreunde Katernberg"]
[BlackTeam "Norway 1"]
[WhiteFideId "24681229"]
[BlackFideId "1503057"]
[EventDate "2016.06.26"]

1. e4 e5 2. Nf3 Nc6 3. Bb5 Nf6 4. d3 Bc5 5. O-O d6 6. h3 O-O 7. Bg5 Ne7 8. c3
Ng6 9. d4 Bb6 10. dxe5 dxe5 11. Qxd8 Rxd8 12. Na3 Bd7 13. Rad1 Bxb5 14. Nxb5
Rxd1 15. Rxd1 Nxe4 16. Be3 Bxe3 17. fxe3 c6 18. Na3 f6 19. Kf1 Re8 20. Nc4 b6
21. Rd7 Re7 22. Rd8+ Kf7 23. Nd6+ Nxd6 24. Rxd6 Rc7 25. Rd8 Ke6 26. c4 Rd7 27.
Re8+ Kd6 28. Ke2 Kc7 29. Ra8 Kd6 30. a3 Kc5 31. b3 Ne7 32. Nd2 Kd6 33. Nf3 Ke6
34. g4 h6 35. Nh4 f5 36. Rf8 fxg4 37. hxg4 c5 38. Nf3 Nc6 39. Re8+ Re7 40. Rc8
Na5 41. Nd2 Kd7 42. Ra8 Nc6 43. Rf8 Nd8 44. Nf3 Nc6 45. Nd2 Ke6 46. Rc8 Kd6 47.
Rf8 Kc7 48. Ne4 Na5 49. Nd2 Nb7 50. Ne4 Nd6 51. Nxd6 Kxd6 52. Rd8+ Ke6 53. Rf8
Rf7 54. Re8+ Kd6 55. Rd8+ Ke7 56. Rd5 Ke6 57. Rd8 Kf6 58. Kf3 Kg5+ 59. Kg3 e4
60. Rd5+ Kg6 61. b4 Rf3+ 62. Kg2 Rxe3 63. bxc5 bxc5 64. Rxc5 Rxa3 65. Rc7 a5 66.
c5 a4 67. Ra7 e3 68. Kf3 Rc3 69. Rxa4 Rxc5 70. Kxe3 Kg5 71. Ra7 g6 72. Ra6 Rc4
73. Kf3 Rf4+ 74. Kg3 Rxg4+ 75. Kh3 Rf4 76. Rb6 h5 77. Ra6 Kf5 78. Ra5+ Kf6 79.
Ra6+ Kg5 80. Kg3 Re4 81. Ra5+ Kf6 82. Ra6+ Kf5 83. Ra8 Re3+ 84. Kf2 Rb3 85. Kg2
h4 86. Ra5+ Kg4 87. Ra4+ Kh5 88. Ra5+ g5 89. Kh2 Rf3 90. Rb5 Kg4 91. Kg2 h3+ 92.
Kh2 Kh4 93. Rb8 g4 94. Rh8+ Kg5 95. Rg8+ Kf4 96. Rf8+ Ke3 97. Rg8 Rf2+ 98. Kg1
Rf4 99. Kh2 Kf2 100. Rg7 Kf3 101. Rg8 Rf5 102. Rg7 Rf4 103. Rg8 Rd4 104. Rf8+
Ke3 105. Re8+ Re4 106. Rg8 Kf4 107. Rf8+ Kg5 108. Rg8+ Kf5 109. Rf8+ Kg6 110.
Rg8+ Kf7 111. Rg5 Re2+ 112. Kh1 Rg2 113. Rf5+ Kg6 114. Rg5+ Kf6 115. Rf5+ Kg6
116. Rg5+ Kf6 117. Rf5+ Kg6 118. Rg5+ Kf6 119. Rf5+ 1/2-1/2

[Event "World Senior Teams +65"]
[Site "Radebeul GER"]
[Date "2016.07.01"]
[Round "6.8"]
[Board "1"]
[White "Opl, Klaus1"]
[Black "Rahls, Peter"]
[Result "0-1"]
[WhiteTitle "FM"]
[BlackTitle "FM"]
[WhiteElo "2230"]
[BlackElo "2160"]
[WhiteTeam "Wien 1"]
[BlackTeam "Berlin"]
[WhiteFideId "1600672"]
[BlackFideId "4613023"]
[EventDate "2016.06.26"]

1. d4 c5 2. d5 e5 3. e4 d6 4. Bd3 Be7 5. Nf3 Bg4 6. Nbd2 Nd7 7. c3 Ngf6 8. h3
Bh5 9. a4 O-O 10. O-O Ne8 11. Qe2 Bg5 12. g4 Bxd2 13. Nxd2 Bg6 14. Nc4 Qh4 15.
Kg2 Qe7 16. Bd2 h6 17. Ne3 c4 18. Nxc4 Nc5 19. Bc2 Nf6 20. f3 Nxd5 21. b4 Na6
22. Bb3 Nf4+ 23. Bxf4 exf4 24. Rad1 Rad8 25. Na5 Kh8 26. Bd5 f5 27. Bxb7 Nb8 28.
Rd4 Rd7 29. Bd5 Rc7 30. Rc1 Rd8 31. Qd2 fxg4 32. hxg4 Qg5 33. Bb3 Re8 34. Rd5
Qe7 35. Rxd6 Rd7 36. Rxd7 Nxd7 37. Re1 Ne5 38. Rh1 Nxf3 39. Qxf4 Bxe4 40. Kg3
Ng5 41. Rh2 Rf8 0-1

[Event "World Senior Teams +65"]
[Site "Radebeul GER"]
[Date "2016.07.01"]
[Round "6.8"]
[Board "2"]
[White "Sprotte, Norbert"]
[Black "Dueckstein, Andreas"]
[Result "1-0"]
[BlackTitle "IM"]
[WhiteElo "2216"]
[BlackElo "2084"]
[WhiteTeam "Berlin"]
[BlackTeam "Wien 1"]
[WhiteFideId "4607015"]
[BlackFideId "1600168"]
[EventDate "2016.06.26"]

1. d4 Nf6 2. Nf3 e6 3. e3 b6 4. Bd3 Bb7 5. O-O c5 6. c4 Nc6 7. Nc3 Be7 8. d5 Nb4
9. Be2 exd5 10. a3 dxc4 11. axb4 cxb4 12. Nb5 d5 13. Rxa7 Rxa7 14. Nxa7 O-O 15.
Nb5 Qd7 16. Nbd4 Ra8 17. Ne5 Qe8 18. h3 Bc5 19. Ng4 Ne4 20. Bf3 h5 21. Bxe4 Qxe4
22. Nh2 g6 23. Nhf3 Ra1 24. Qc2 b3 25. Qc3 Qe7 26. Bd2 Rxf1+ 27. Kxf1 Ba6 28.
Kg1 Qe4 29. h4 Bc8 30. Qc1 Bxd4 31. Nxd4 Qxh4 32. Nxb3 Bh3 33. gxh3 Qg5+ 34. Kf1
cxb3 35. Qc8+ Kh7 36. Bc3 f6 37. Qe6 Qf5 38. Qxf5 gxf5 39. Bxf6 1-0

[Event "World Senior Teams +65"]
[Site "Radebeul GER"]
[Date "2016.07.01"]
[Round "6.8"]
[Board "4"]
[White "Witte, Manfred"]
[Black "Titz, Herbert"]
[Result "1-0"]
[WhiteElo "2205"]
[BlackElo "1950"]
[WhiteTeam "Berlin"]
[BlackTeam "Wien 1"]
[WhiteFideId "12966630"]
[BlackFideId "1610040"]
[EventDate "2016.06.26"]

1. e4 e5 2. Nf3 Nc6 3. Nc3 Nf6 4. d4 d6 5. dxe5 Nxe5 6. Nxe5 dxe5 7. Qxd8+ Kxd8
8. Bg5 c6 9. f4 Bd6 10. f5 Ke7 11. O-O-O Rd8 12. Be2 b6 13. a3 Bb7 14. Bf3 Bc7
15. Bh4 Rxd1+ 16. Rxd1 Rd8 17. Rxd8 Bxd8 18. g4 h6 19. Bg3 Nd7 20. Kd2 f6 21.
Bf2 Kd6 22. Ne2 Be7 23. Ng3 Bf8 24. Be2 Nc5 25. b4 Nd7 26. Bc4 c5 27. b5 Nb8 28.
Be6 Kc7 29. c4 Bc8 30. Bg8 Bb7 31. Kd3 Kd6 32. Be3 Ke7 33. Bd5 Bc8 34. h4 Bd7
35. a4 Be8 36. Ne2 Kd6 37. Nc3 Be7 38. a5 Bd8 39. a6 Bd7 40. Bf7 Bc8 41. Nd5 Bd7
42. Ke2 Bc8 43. Kf3 Bd7 44. g5 hxg5 45. hxg5 Bc8 46. g6 Be7 47. Nxb6 Bxa6 48.
bxa6 Nxa6 49. Nc8+ Kd7 50. Nxe7 1-0

[Event "World Senior Teams +65"]
[Site "Radebeul GER"]
[Date "2016.07.01"]
[Round "6.9"]
[Board "1"]
[White "Westerinen, Heikki M.J."]
[Black "Vogel, Jaap"]
[Result "1/2-1/2"]
[WhiteTitle "GM"]
[BlackTitle "FM"]
[WhiteElo "2308"]
[BlackElo "2126"]
[WhiteTeam "Finland"]
[BlackTeam "Oranje 1"]
[WhiteFideId "500020"]
[BlackFideId "1000764"]
[EventDate "2016.06.26"]

1. e4 e6 2. d4 d5 3. Nd2 Nf6 4. e5 Nfd7 5. f4 c5 6. c3 Nc6 7. Ndf3 Rb8 8. Bd3 b5
9. Ne2 b4 10. O-O Be7 11. f5 exf5 12. Bxf5 Nf8 13. Ng3 Ne6 14. Be3 bxc3 15. bxc3
O-O 16. Rb1 Ba6 17. Re1 Rxb1 18. Bxb1 Qa5 19. Nf5 Rb8 20. Nxe7+ Nxe7 21. dxc5
Qxc3 22. Qc1 Qxc1 23. Rxc1 Nc6 24. Bf5 Bc4 25. Bxe6 fxe6 26. Nd4 Nxd4 27. Bxd4
Bxa2 28. Ra1 Rb1+ 29. Rxb1 Bxb1 30. c6 Bd3 31. Bxa7 Kf7 32. Kf2 Ke7 33. Ke3 Bb5
34. c7 Kd7 35. Bb6 Ba6 36. Kd4 Kc6 37. Ba5 Kb5 38. Bd2 Kc6 39. Bg5 Kxc7 40. Be7
Kd7 1/2-1/2

[Event "World Senior Teams +65"]
[Site "Radebeul GER"]
[Date "2016.07.01"]
[Round "6.9"]
[Board "2"]
[White "Ghijsen, Pim"]
[Black "Hurme, Harri"]
[Result "0-1"]
[BlackTitle "FM"]
[WhiteElo "2174"]
[BlackElo "2194"]
[WhiteTeam "Oranje 1"]
[BlackTeam "Finland"]
[WhiteFideId "1002201"]
[BlackFideId "500321"]
[EventDate "2016.06.26"]

1. d4 Nf6 2. Nf3 g6 3. g3 b6 4. Bg2 Bb7 5. O-O Bg7 6. c4 O-O 7. Nc3 d5 8. Ne5 e6
9. Bg5 h6 10. Be3 Nbd7 11. h3 c6 12. Qd2 Nxe5 13. dxe5 Nd7 14. cxd5 cxd5 15. f4
f6 16. exf6 Nxf6 17. Bd4 Rc8 18. Qe3 Qd7 19. Rfd1 Ne8 20. g4 Nd6 21. Bxg7 Kxg7
22. Qd4+ Kh7 23. b3 Qg7 24. Qxg7+ Kxg7 25. Rac1 Rxf4 26. e4 Nxe4 27. Bxe4 dxe4
28. Nb5 Rxc1 29. Rxc1 Bd5 30. Nxa7 Kf6 31. Rc3 Ke5 32. Nb5 Rf8 33. a4 g5 34. Nc7
Bb7 35. b4 Rd8 36. a5 Rd1+ 37. Kf2 bxa5 38. bxa5 Ra1 39. Rb3 Bd5 40. Rb5 Kd4 41.
a6 e3+ 0-1

[Event "World Senior Teams +65"]
[Site "Radebeul GER"]
[Date "2016.07.01"]
[Round "6.9"]
[Board "3"]
[White "Vinke, Dietmar"]
[Black "Westerveld, Wim"]
[Result "0-1"]
[WhiteTitle "FM"]
[WhiteElo "2134"]
[BlackElo "2157"]
[WhiteTeam "Finland"]
[BlackTeam "Oranje 1"]
[WhiteFideId "1703196"]
[BlackFideId "1001310"]
[EventDate "2016.06.26"]

1. Nf3 c5 2. g3 g6 3. Bg2 Bg7 4. O-O Nc6 5. d3 d5 6. Nbd2 e6 7. e4 Nge7 8. Re1
b6 9. c3 O-O 10. e5 Qc7 11. Qe2 g5 12. h3 Ng6 13. Nf1 h6 14. d4 cxd4 15. cxd4
Nb4 16. Be3 Qc2 17. a3 Ba6 18. Qd1 Qxd1 19. Rexd1 Nc2 20. Rab1 Nxe3 21. Nxe3 f6
22. exf6 Bxf6 23. Rd2 Rac8 24. Re1 h5 25. Nc2 Kf7 26. Nb4 Bc4 27. Nd3 Bxd3 28.
Rxd3 Rc2 29. Rb1 Rfc8 30. Rdd1 g4 31. hxg4 hxg4 32. Nh2 R8c4 33. Bf1 Rxd4 34.
Bd3 Rc7 35. f4 gxf3 36. Nxf3 Rg4 37. Kh2 Ne5 38. Kh3 Rg7 39. Nxe5+ Bxe5 40. Rf1+
Ke7 41. Rf3 Rc8 42. Re1 Rh8+ 43. Kg2 Bxb2 44. Bf5 e5 45. Rd3 Kd6 46. g4 Rc7 47.
Re2 Bd4 48. Kg3 Rc1 49. Rg2 Rc4 50. Rgd2 Kc5 51. Rb3 e4 52. Kf4 Rc1 53. g5 Rf1+
54. Kg4 Be5 55. g6 Rg1+ 0-1

[Event "World Senior Teams +65"]
[Site "Radebeul GER"]
[Date "2016.07.01"]
[Round "6.9"]
[Board "4"]
[White "Van Oosten, Arend"]
[Black "Morant, Paul"]
[Result "1-0"]
[WhiteElo "2082"]
[BlackElo "2091"]
[WhiteTeam "Oranje 1"]
[BlackTeam "Finland"]
[WhiteFideId "1006053"]
[BlackFideId "503517"]
[EventDate "2016.06.26"]

1. e4 d5 2. exd5 Qxd5 3. Nf3 Bg4 4. Be2 Nf6 5. d4 e6 6. O-O Be7 7. c4 Qd6 8. Nc3
c6 9. Be3 O-O 10. h3 Bh5 11. Qd2 Qd8 12. Rad1 Nbd7 13. d5 exd5 14. cxd5 Bb4 15.
dxc6 bxc6 16. a3 Ba5 17. g4 Bg6 18. g5 Nd5 19. b4 Bb6 20. Nxd5 cxd5 21. Qxd5
Bxe3 22. fxe3 Nb6 23. Qxd8 Raxd8 24. Kf2 Rde8 25. Bb5 Re7 26. Rd4 Be4 27. Nd2
Bb7 28. e4 Re5 29. Bd3 Rxg5 30. Nf3 Rh5 31. Kg3 Bc8 32. h4 Rh6 33. Rc1 Rg6+ 34.
Kf2 Rg4 35. Rc7 a6 36. Rd6 Rg6 37. Rcc6 Nd7 38. Bxa6 Nf6 39. Bd3 Bb7 40. Rb6
Nxe4+ 41. Bxe4 Bxe4 42. Ng5 Ba8 43. a4 h6 44. Nf3 Rg4 45. a5 Rc8 46. a6 Rf4 47.
Rd3 Kh7 48. b5 f5 49. Re6 Be4 50. Ra3 Rc2+ 51. Kg3 Rg4+ 52. Kh3 Rc1 53. Rxe4
Rh1+ 54. Nh2 Rxe4 55. a7 Re2 56. a8=Q Rhxh2+ 57. Kg3 f4+ 58. Kg4 h5+ 59. Kf5 Rb2
60. Qd5 Rhd2 61. Rd3 Rg2 62. Rb3 Rbd2 63. Qc6 Rd8 64. Qxg2 1-0

[Event "World Senior Teams +65"]
[Site "Radebeul GER"]
[Date "2016.07.01"]
[Round "6.10"]
[Board "1"]
[White "Frick, Christoph"]
[Black "Haubt, Georg"]
[Result "1-0"]
[BlackTitle "FM"]
[WhiteElo "2243"]
[BlackElo "2132"]
[WhiteTeam "Eck-Gunners"]
[BlackTeam "Hessen 1"]
[WhiteFideId "4607090"]
[BlackFideId "4604016"]
[EventDate "2016.06.26"]

1. d4 Nf6 2. Bf4 e6 3. e3 c5 4. c3 cxd4 5. exd4 b6 6. Nf3 Bb7 7. Nbd2 Be7 8. Bd3
O-O 9. Ng5 h6 10. Nge4 Nd5 11. Qf3 Nxf4 12. Qxf4 f5 13. Ng3 Bxg2 14. Rg1 Bb7 15.
Nh5 Bg5 16. Qe5 Rf7 17. Nc4 Bf3 18. Nf4 Nc6 19. Qe3 Be4 20. O-O-O Qc7 21. Rxg5
hxg5 22. Ng6 d5 23. Qh3 Rf6 24. Qh8+ Kf7 25. Nce5+ Qxe5 26. Nxe5+ Nxe5 27. Qxa8
Nxd3+ 28. Rxd3 Bxd3 29. Qxa7+ Kg6 30. Kd2 Bb1 31. a4 Ba2 32. Qxb6 e5 33. a5 Bc4
34. Qb8 exd4 35. cxd4 Re6 36. b3 Bf1 37. Kc3 f4 38. Kb4 Kh5 39. Kc5 Bg2 40. b4
Re2 41. a6 Rxf2 42. a7 Rc2+ 43. Kd6 f3 44. a8=Q f2 45. Qe8+ g6 46. Qd7 g4 47.
Qh8+ Kg5 48. Qe5+ 1-0

[Event "World Senior Teams +65"]
[Site "Radebeul GER"]
[Date "2016.07.01"]
[Round "6.10"]
[Board "2"]
[White "Zunker, Reinhard"]
[Black "Krauseneck, Peter"]
[Result "1/2-1/2"]
[WhiteTitle "FM"]
[WhiteElo "2134"]
[BlackElo "2186"]
[WhiteTeam "Hessen 1"]
[BlackTeam "Eck-Gunners"]
[WhiteFideId "4617711"]
[BlackFideId "4602986"]
[EventDate "2016.06.26"]

1. e4 e6 2. d4 d5 3. Nd2 Nf6 4. Bd3 c5 5. exd5 Qxd5 6. Ngf3 cxd4 7. Bc4 Qd8 8.
O-O Nc6 9. Nb3 Be7 10. Nbxd4 Nxd4 11. Nxd4 O-O 12. Nf3 Qc7 13. Qe2 b6 14. Bd3
Bb7 15. Bg5 Ng4 16. Be4 Bxe4 17. Qxe4 Nxh2 18. Bxe7 Nxf3+ 19. Qxf3 Qxe7 20. Rfd1
Rac8 21. c3 Rfd8 22. a4 a5 23. Rd3 Rxd3 24. Qxd3 Rd8 25. Qc2 Qd6 26. g3 e5 27.
Ra3 Qd1+ 28. Qxd1 Rxd1+ 29. Kg2 f6 30. Rb3 Rd6 31. Rb5 Rc6 32. Kf3 Kf7 33. Ke4
Ke6 34. Kd3 h5 35. b4 axb4 36. cxb4 Kd6 37. a5 bxa5 38. Rxa5 g6 39. Ra7 Kd5 40.
Ra5+ Ke6 41. Ra7 Rd6+ 42. Kc3 Rd1 43. Ra6+ Kf5 44. b5 Rb1 45. Kc4 g5 46. Kc5
Rc1+ 47. Kd6 h4 48. gxh4 gxh4 49. Ra3 Rb1 50. Kc6 Kg4 51. b6 f5 52. b7 f4 53.
Ra1 Rb2 54. Ra2 Rxb7 55. Kxb7 h3 56. Kc6 e4 57. Kd5 h2 58. Ra1 Kf3 59. Rh1 e3
60. fxe3 1/2-1/2

[Event "World Senior Teams +65"]
[Site "Radebeul GER"]
[Date "2016.07.01"]
[Round "6.10"]
[Board "3"]
[White "Weisenburger, Horst"]
[Black "Biller, Helmut"]
[Result "1/2-1/2"]
[WhiteElo "2170"]
[BlackElo "2082"]
[WhiteTeam "Eck-Gunners"]
[BlackTeam "Hessen 1"]
[WhiteFideId "4654536"]
[BlackFideId "4676068"]
[EventDate "2016.06.26"]

1. f4 Nf6 2. Nf3 d5 3. d3 c6 4. g3 Qb6 5. e3 Bg4 6. Bg2 Nbd7 7. h3 Bxf3 8. Qxf3
e5 9. Nc3 Bd6 10. e4 dxe4 11. Nxe4 Nxe4 12. dxe4 exf4 13. gxf4 O-O 14. Qb3 Rfe8
15. Qxb6 axb6 16. O-O f6 17. Rd1 Bc5+ 18. Kh2 Nf8 19. Bd2 Rad8 20. Kg3 Rd7 21.
Bc3 Red8 22. Rxd7 Rxd7 23. Bf3 Ng6 24. Rd1 Rxd1 25. Bxd1 Be3 26. f5 Ne5 1/2-1/2

[Event "World Senior Teams +65"]
[Site "Radebeul GER"]
[Date "2016.07.01"]
[Round "6.10"]
[Board "4"]
[White "Mueller, Horst2"]
[Black "Freise, Eckhard"]
[Result "1-0"]
[WhiteElo "2165"]
[BlackElo "2003"]
[WhiteTeam "Hessen 1"]
[BlackTeam "Eck-Gunners"]
[WhiteFideId "4679660"]
[BlackFideId "4652193"]
[EventDate "2016.06.26"]

1. c4 f5 2. Nf3 Nf6 3. g3 g6 4. Bg2 Bg7 5. d4 d6 6. O-O O-O 7. Nc3 a5 8. e4 fxe4
9. Ng5 Nc6 10. Be3 Ng4 11. Ngxe4 Nxe3 12. fxe3 Rxf1+ 13. Qxf1 e5 14. d5 Nb4 15.
Qe2 Bf5 16. Nf2 Bh6 17. g4 Bd7 18. Nfe4 Qe7 19. Rf1 Rf8 20. Rxf8+ Kxf8 21. a3
Na6 22. b3 b6 23. h3 Ke8 24. Bf3 Kd8 25. Kg2 Nc5 26. Nxc5 dxc5 27. Ne4 a4 28.
bxa4 Bxa4 29. Kg3 Bg5 30. Qd3 Bh4+ 31. Kg2 Kc8 32. Bd1 Bd7 33. Bf3 Ba4 34. Be2
Be1 35. Bd1 Bd7 36. Qe2 Bh4 37. Qf3 Kb8 38. Kf1 Ka7 39. Qe2 c6 40. Qd2 Qf8+ 41.
Kg2 Kb8 42. a4 Ka7 43. a5 b5 44. cxb5 cxb5 45. Be2 Ka6 46. Bxb5+ Kxb5 47. Qb2+
Kc4 48. Qd2 Qb8 49. d6 Qb1 50. Nc3 Qb7+ 51. Qd5+ Qxd5+ 52. Nxd5 Kxd5 53. a6 1-0

[Event "World Senior Teams +65"]
[Site "Radebeul GER"]
[Date "2016.07.01"]
[Round "6.11"]
[Board "1"]
[White "Birk, Rainer"]
[Black "Werner, Clemens"]
[Result "1/2-1/2"]
[BlackTitle "FM"]
[WhiteElo "2136"]
[BlackElo "2334"]
[WhiteTeam "Oberlausitz"]
[BlackTeam "Germany 1"]
[WhiteFideId "4684699"]
[BlackFideId "4604636"]
[EventDate "2016.06.26"]

1. d4 Nf6 2. Nf3 c5 3. e3 e6 4. Nbd2 b6 5. Bd3 Be7 6. O-O O-O 7. b3 Nc6 8. Bb2
cxd4 9. Nxd4 Bb7 10. Nxc6 Bxc6 11. c4 Qc7 12. Rc1 Qb7 13. f3 Rfd8 14. Qe2 d5 15.
Rfd1 a5 16. a4 Rd7 17. Nf1 dxc4 18. Bxc4 Nd5 19. e4 Nf4 20. Qe1 Rad8 21. Rxd7
Qxd7 22. Qg3 Ng6 23. Qe1 Bc5+ 24. Kh1 h6 25. Be2 Qe7 26. Rd1 Rxd1 27. Qxd1 1/2-1/2

[Event "World Senior Teams +65"]
[Site "Radebeul GER"]
[Date "2016.07.01"]
[Round "6.11"]
[Board "2"]
[White "Baum, Bernd"]
[Black "Brauer, Christian"]
[Result "1/2-1/2"]
[WhiteTitle "FM"]
[WhiteElo "2237"]
[BlackElo "2102"]
[WhiteTeam "Germany 1"]
[BlackTeam "Oberlausitz"]
[WhiteFideId "4611853"]
[BlackFideId "4610938"]
[EventDate "2016.06.26"]

1. Nf3 d5 2. g3 Nf6 3. Bg2 c6 4. O-O Bf5 5. b3 e6 6. Bb2 h6 7. d3 Be7 8. Nbd2
O-O 9. c4 Nbd7 10. a3 a5 11. Qc2 Qb6 12. Bc3 Rfd8 13. Qb2 Ne8 14. b4 Bf6 15.
Rab1 Bxc3 16. Qxc3 axb4 17. axb4 Ra2 18. b5 Qa7 19. bxc6 bxc6 20. Nd4 Qa8 21.
cxd5 cxd5 22. Nc6 Rxd2 23. Nxd8 Rxe2 24. Nc6 Nd6 25. Ra1 Ra2 26. Rxa2 Qxa2 27.
Nd4 Qa6 28. Nxf5 Nxf5 29. Rc1 Nf6 30. Bf1 Qa4 31. Be2 h5 32. Bd1 Qd4 33. Qxd4
Nxd4 1/2-1/2

[Event "World Senior Teams +65"]
[Site "Radebeul GER"]
[Date "2016.07.01"]
[Round "6.11"]
[Board "3"]
[White "Selig, Rainer"]
[Black "Haakert, Juergen"]
[Result "1/2-1/2"]
[BlackTitle "FM"]
[WhiteElo "2139"]
[BlackElo "2341"]
[WhiteTeam "Oberlausitz"]
[BlackTeam "Germany 1"]
[WhiteFideId "24646105"]
[BlackFideId "4602277"]
[EventDate "2016.06.26"]

1. d4 f5 2. g3 Nf6 3. Bg2 g6 4. Nh3 Nc6 5. O-O Bg7 6. c3 O-O 7. Nd2 d6 8. d5 Ne5
9. Nf4 c6 10. Nf3 cxd5 11. Nxd5 Nxd5 12. Qxd5+ e6 13. Qb3 Nf7 14. h4 Re8 15. Ng5
Ne5 16. Be3 Qc7 17. Bd4 d5 18. Rad1 Nc4 19. Bxg7 Kxg7 20. e3 Bd7 21. Rfe1 Rad8
22. Qc2 Bc6 23. b3 Nd6 24. Qb2 Kg8 25. Rc1 Rc8 26. Red1 b5 27. Qd2 Rcd8 28. Qe2
a6 1/2-1/2

[Event "World Senior Teams +65"]
[Site "Radebeul GER"]
[Date "2016.07.01"]
[Round "6.11"]
[Board "4"]
[White "Kierzek, Matthias"]
[Black "Byhan, Gert"]
[Result "1-0"]
[WhiteElo "2230"]
[BlackElo "1953"]
[WhiteTeam "Germany 1"]
[BlackTeam "Oberlausitz"]
[WhiteFideId "4647009"]
[BlackFideId "4648200"]
[EventDate "2016.06.26"]

1. d4 Nf6 2. c4 e6 3. Nf3 d5 4. Nc3 Be7 5. Bg5 O-O 6. e3 dxc4 7. Bxc4 c5 8. O-O
Nc6 9. Rc1 cxd4 10. exd4 a6 11. a4 h6 12. Bh4 Nd5 13. Bxe7 Ncxe7 14. Ne5 Nxc3
15. bxc3 Bd7 16. Bd3 Nc6 17. f4 Qe8 18. Qf3 Nxe5 19. fxe5 Bc6 20. Qg4 Qe7 21.
Rf6 Kh8 22. Qh5 Kg8 23. Rcf1 Qd7 24. Rxh6 gxh6 25. Rf6 Qd5 26. Qg4+ 1-0

[Event "World Senior Teams +65"]
[Site "Radebeul GER"]
[Date "2016.07.01"]
[Round "6.12"]
[Board "1"]
[White "Renman, Nils-Gustaf"]
[Black "Kristiansen, Erling"]
[Result "1-0"]
[WhiteTitle "IM"]
[BlackTitle "FM"]
[WhiteElo "2352"]
[BlackElo "2147"]
[WhiteTeam "Sweden 1"]
[BlackTeam "Norway Veteran"]
[WhiteFideId "1700367"]
[BlackFideId "1500244"]
[EventDate "2016.06.26"]

1. d4 Nf6 2. Nf3 b6 3. c4 Bb7 4. g3 e6 5. Bg2 Be7 6. Nc3 Ne4 7. Bd2 Nxc3 8. Bxc3
O-O 9. Qc2 d5 10. O-O Nd7 11. cxd5 exd5 12. Rfd1 Nf6 13. Rac1 Bd6 14. Bd2 Qe7
15. Bf4 Bxf4 16. gxf4 Rfc8 17. Bh3 Rcb8 18. Ne5 Ne8 19. e3 Rd8 20. Rd3 Rd6 21.
Rc3 Rh6 22. Bg2 Rd8 23. Rxc7 Nxc7 24. Qxc7 Re8 25. Qxe7 Rxe7 26. Bxd5 Kf8 27.
Bxb7 Rxb7 28. Rc8+ Ke7 29. Rg8 Rc7 30. Kg2 Rf6 31. Kf3 g6 32. e4 Rc2 33. Ra8 a5
34. Ra7+ Ke8 35. d5 Rxb2 36. Ra8+ Ke7 37. Nc6+ Kd7 38. Ra7+ Kd6 39. e5+ Kxd5 40.
exf6 Kxc6 41. Rxf7 Rb5 42. Rxh7 Rf5 43. f7 b5 44. Ke4 Kd6 45. Rg7 Ke7 46. Rxg6
Rc5 47. Ra6 a4 48. Ra7+ Kf8 49. h4 Rh5 50. Rb7 Kg7 51. Kf3 Rxh4 52. Rxb5 Rh3+
53. Ke4 Ra3 54. Rb2 Kxf7 55. Kf5 Rc3 56. Rb7+ Kf8 57. Ra7 a3 58. Kf6 Rc6+ 59.
Kg5 Rc3 60. f5 Rf3 61. Kf6 Kg8 62. Kg6 1-0

[Event "World Senior Teams +65"]
[Site "Radebeul GER"]
[Date "2016.07.01"]
[Round "6.12"]
[Board "2"]
[White "Ofstad, Per"]
[Black "Malmdin, Nils-Ake"]
[Result "0-1"]
[BlackTitle "FM"]
[WhiteElo "2139"]
[BlackElo "2174"]
[WhiteTeam "Norway Veteran"]
[BlackTeam "Sweden 1"]
[WhiteFideId "1500708"]
[BlackFideId "1701584"]
[EventDate "2016.06.26"]

1. e4 g6 2. d4 Bg7 3. Nf3 c5 4. Nc3 Qa5 5. Bc4 cxd4 6. Nxd4 Qc5 7. Bxf7+ Kxf7 8.
Be3 Qa5 9. Qf3+ Nf6 10. g4 Ke8 11. g5 Nh5 12. O-O-O Rf8 13. Qh3 Nc6 14. Nb3 Qe5
15. f4 Nxf4 16. Bxf4 Qxf4+ 17. Kb1 Qxg5 18. Nd5 Qe5 19. c3 h6 20. Nc5 e6 21.
Rhe1 Kf7 22. Rf1+ Kg8 23. Rxf8+ Kxf8 24. Qf1+ Kg8 25. Nf4 Qg5 26. Rd2 Ne7 27.
Rg2 Qf6 28. Rf2 Qh4 29. Rf3 d5 30. e5 b6 31. Ng2 Qc4 32. Rf4 Qb5 33. Rf7 Nf5 0-1